00425nam a22001457a 4500003001100000005001700011008004100028040003900069041000800108082001300116100003700129245004300166260006000209650001000269LK-CoMWRAF20230928225038.0230928b |||||||| |||| 00| 0 eng d aLK-CoMWRAFdLK-CoMWRAFeLK-CoMWRAF aeng a297bHAQ aHaqqani, Maulana Sheikh Nazim al aIslam :bA Shelter for mankind forever aSri LankabThe council of tariqatum naqshbandhia,c1988 aIslam